Pandemic-Proof Finance: Impact of Digital Innovation bakalárska práca

Saved in:
Bibliographic Details
Main Author: Vysoký, Róbert
Corporate Author: Fakulta podnikového manažmentu EU. Katedra informačného manažmentu
Other Authors: Kalamen, Kristián, 1996-
Format: Book
Language:English
Published: Bratislava 2025
Tags: Add Tag
No Tags, Be the first to tag this record!

MARC

LEADER 00000nbm a2200000 4500
001 0309985
005 20260113142742.2
041 0 |a eng 
044 |a SK 
245 1 0 |a Pandemic-Proof Finance: Impact of Digital Innovation  |b bakalárska práca  |c Róbert Vysoký ; školiteľ: Kristián Kalamen 
264 1 |a Bratislava  |c 2025 
300 |a 54 s. 
100 1 |a Vysoký, Róbert 
700 1 |a Kalamen, Kristián, 1996- 
710 2 |a Fakulta podnikového manažmentu EU. Katedra informačného manažmentu